Разработка программной среды по моделированию систем безопасности; VII Школа-конференция молодых атомщиков Сибири

Xehetasun bibliografikoak
Parent link:VII Школа-конференция молодых атомщиков Сибири.— 2016.— [С. 98]
Egile nagusia: Шевелева А. А.
Erakunde egilea: Национальный исследовательский Томский политехнический университет (ТПУ) Физико-технический институт (ФТИ) Кафедра физико-энергетических установок (№ 21) (ФЭУ)
Beste egile batzuk: Годовых А. В. Алексей Валерьевич, Степанов Б. П. Борис Павлович
Gaia:Заглавие с титульного экрана
Hizkuntza:errusiera
Argitaratua: 2016
Saila:Актуальные вопросы ядерного нераспространения, безопасность и экология ядерной отрасли
Gaiak:
Sarrera elektronikoa:http://earchive.tpu.ru/handle/11683/35604
Formatua: MixedMaterials Baliabide elektronikoa Liburu kapitulua
KOHA link:https://koha.lib.tpu.ru/cgi-bin/koha/opac-detail.pl?biblionumber=621324

MARC

LEADER 00000naa2a2200000 4500
001 621324
005 20240209094343.0
035 |a (RuTPU)RU\TPU\conf\19891 
035 |a RU\TPU\conf\19890 
090 |a 621324 
100 |a 20161214d2016 k y0rusy50 ca 
101 0 |a rus 
102 |a RU 
105 |a y z 101zy 
135 |a drcn ---uucaa 
181 0 |a i  
182 0 |a b 
200 1 |a Разработка программной среды по моделированию систем безопасности  |f А. А. Шевелева, А. В. Годовых, Б. П. Степанов 
203 |a Текст  |c электронный 
225 1 |a Актуальные вопросы ядерного нераспространения, безопасность и экология ядерной отрасли 
300 |a Заглавие с титульного экрана 
320 |a [Библиогр.: с. 98 (2 назв.)] 
463 1 |0 (RuTPU)RU\TPU\conf\19839  |t VII Школа-конференция молодых атомщиков Сибири  |o сборник тезисов докладов, 19-21 октября 2016 г., г. Северск  |f Росатом [и др.]  |v [С. 98]  |d 2016 
610 1 |a труды учёных ТПУ 
610 1 |a электронные ресурсы 
610 1 |a атомная энергетика 
610 1 |a инженерно-технические средства 
610 1 |a программные продукты 
610 1 |a системы безопасности 
610 1 |a моделирование 
610 1 |a ядерные объекты 
700 1 |a Шевелева  |b А. А. 
701 1 |a Годовых  |b А. В.  |c физик  |c старший преподаватель Томского политехнического университета  |f 1983-  |g Алексей Валерьевич  |3 (RuTPU)RU\TPU\pers\25483 
701 1 |a Степанов  |b Б. П.  |c специалист в области атомной энергетики  |c доцент Томского политехнического университета, кандидат технических наук  |f 1960-  |g Борис Павлович  |3 (RuTPU)RU\TPU\pers\29389  |9 13970 
712 0 2 |a Национальный исследовательский Томский политехнический университет (ТПУ)  |b Физико-технический институт (ФТИ)  |b Кафедра физико-энергетических установок (№ 21) (ФЭУ)  |3 (RuTPU)RU\TPU\col\18730 
801 2 |a RU  |b 63413507  |c 20170110  |g RCR 
856 4 |u http://earchive.tpu.ru/handle/11683/35604 
942 |c BK